[Event "Teteven op 23rd"]
[Site "Teteven"]
[Date "2008.08.17"]
[Round "2"]
[White "Kazakov, Dobrin"]
[Black "Krastev, Vasil"]
[Result "0-1"]
[WhiteElo "2194"]
[BlackElo "1915"]
[PlyCount "36"]
[EventDate "2008.08.16"]
[EventType "swiss"]
[EventRounds "9"]
[EventCountry "BUL"]
[SourceTitle "CBM 126 Extra"]
[Source "ChessBase"]
[SourceDate "2008.11.05"]
[SourceVersion "1"]
[SourceVersionDate "2008.11.05"]
[SourceQuality "1"]

1. e4 c6 2. d4 d5 3. Nc3 dxe4 4. Nxe4 Nd7 5. Bc4 e6 6. Nf3 Ngf6 7. Ng3 Nb6 8. Be2 Qc7 9. 0-0 Bd6 10. Bg5 Nbd7 11. c4 h6 12. Bd2 b6 13. b4 c5 14. bxc5 bxc5 15. d5 exd5 16. cxd5 0-0 17. Nf5 Nb6 18. Bxh6 Bxf5 0-1

[Event "BUL-chT"]
[Site "Pamporovo"]
[Date "2001.10.07"]
[Round "6"]
[White "Ljangov, Petar"]
[Black "Kazakov, Dobrin"]
[Result "1/2-1/2"]
[WhiteElo "2201"]
[BlackElo "2197"]
[PlyCount "117"]
[EventDate "2001.10.03"]
[EventType "team-tourn"]
[EventRounds "7"]
[EventCountry "BUL"]
[SourceTitle "CBM 084 Extra"]
[Source "ChessBase"]
[SourceDate "2001.10.26"]
[SourceVersion "1"]
[SourceVersionDate "2001.10.26"]
[SourceQuality "1"]

1. e4 c5 2. Nf3 Nc6 3. Bb5 g6 4. 0-0 Bg7 5. c3 Nf6 6. Re1 0-0 7. d4 cxd4 8. cxd4 a6 9. Ba4 b5 10. Bc2 Nb4 11. Bb3 d5 12. e5 Ne4 13. a3 Nc6 14. h3 Bb7 15. Nbd2 Nxd2 16. Bxd2 Na5 17. Bc2 Nc4 18. Bc1 Rc8 19. b3 Nb6 20. Bd2 Rc6 21. Rc1 Qc7 22. Bd3 Rxc1 23. Qxc1 Qxc1 24. Rxc1 Rc8 25. Rxc8+ Bxc8 26. Kf1 Bf5 27. Bxf5 gxf5 28. Bb4 Kf8 29. Ne1 Ke8 30. Nd3 Nd7 31. Ba5 e6 32. Nb4 Nb8 33. Bc7 a5 34. Bxa5 Kd7 35. Nd3 Na6 36. Bc3 Bf8 37. Bb2 Be7 38. Ke2 Bd8 39. Bc3 Bb6 40. Nf4 Nb8 41. Nh5 Bd8 42. Kd3 Nc6 43. Bd2 Be7 44. a4 b4 45. g3 Na5 46. Kc2 Nc6 47. Be3 Ke8 48. h4 Kf8 49. Nf4 Kg7 50. Ne2 Kg6 51. Nf4+ Kg7 52. Nd3 Kg6 53. f3 Kg7 54. Nc5 Bxc5 55. dxc5 f6 56. f4 fxe5 57. fxe5 Kf7 58. Bf4 Ke7 59. Kd3 1/2-1/2

[Event "BUL-chT"]
[Site "Pamporovo"]
[Date "2001.10.03"]
[Round "1"]
[White "Kazakov, Dobrin"]
[Black "Stoinev, Metodi"]
[Result "1/2-1/2"]
[WhiteElo "2197"]
[BlackElo "2344"]
[PlyCount "67"]
[EventDate "2001.10.03"]
[EventType "team-tourn"]
[EventRounds "7"]
[EventCountry "BUL"]
[SourceTitle "CBM 084 Extra"]
[Source "ChessBase"]
[SourceDate "2001.10.26"]
[SourceVersion "1"]
[SourceVersionDate "2001.10.26"]
[SourceQuality "1"]

1. e4 e5 2. Nf3 Nc6 3. Bb5 a6 4. Bxc6 dxc6 5. Nc3 Bg4 6. h3 Bxf3 7. Qxf3 Qd7 8. d3 0-0-0 9. Qg4 Nf6 10. Qxd7+ Nxd7 11. Bd2 Nc5 12. 0-0-0 Ne6 13. Rhf1 Bc5 14. Ne2 f6 15. f4 exf4 16. Nxf4 Rhe8 17. Nxe6 Rxe6 18. Rf5 Bd4 19. g4 h6 20. Rf3 c5 21. b3 Be5 22. Be3 Rc6 23. h4 Bd4 24. g5 fxg5 25. hxg5 h5 26. Rh1 g6 27. Bxd4 cxd4 28. Rf6 Rxf6 29. gxf6 Kd7 30. Rg1 Ke6 31. Rxg6 Rh8 32. e5 h4 33. Rg2 Kxe5 34. f7 1/2-1/2